All Modern-Day Countries Ever Controlled by New Spain - Statistics

General Stats
  • This quiz has been taken 48 times
    31 since last reset
  • The average score is 38 of 40
Answers on the Map
Answers color-coded by a green-red scale on the quiz's map according to % correct below.
 
Answer Stats
Answer % Correct
Bahamas
100%
Belize
100%
Canada
100%
China
100%
Costa Rica
100%
Cuba
100%
Dominican Republic
100%
El Salvador
100%
Guatemala
100%
Guyana
100%
Haiti
100%
Honduras
100%
Indonesia
100%
Jamaica
100%
Malaysia
100%
Mexico
100%
Nicaragua
100%
Panama
100%
Philippines
100%
Taiwan
100%
United States
100%
Venezuela
100%
Dominica
96%
Federated States of Micronesia
96%
Japan
96%
Trinidad and Tobago
96%
Kiribati
92%
Marshall Islands
92%
Nauru
92%
Palau
92%
Solomon Islands
92%
Vanuatu
92%
Antigua and Barbuda
88%
Barbados
88%
Grenada
88%
Papua New Guinea
88%
Saint Kitts and Nevis
83%
Saint Vincent and the Grenadines
83%
Saint Lucia
79%
France
75%
No matching quizzes found
Score Distribution
Percent of People with Each Score
Percentile by Number Answered
Your Score History
You have not taken this quiz since the last reset